01923cam a22003375i 4500999001700000001000800017003000900025005001700034008004100051020001800092040003800110082002100148100002900169245009100198250002300289264007700312300002700389336002600416337002800442338002700470500003200497504005100529520062400580650004801204653003401252655001701286700003401303856008901337942001201426952014701438 c27738d277094377662EG-ScBUE20191106113046.0910212r20091990enka f b 001 0 eng d a9780198275893 aDLCbengerdacDLCdDLCdEG-ScBUE04a327.101bHOL2221 aHollis, Martin,eauthor.10aExplaining and understanding international relations /cMartin Hollis and Steve Smith. aReprinted edition. 1aOxford :bClarendon Press ;aNew York :bOxford University Press,c2009. avi, 226 pages ;c22 cm atextbtxt2rdacontent aunmediatedbn2rdamedia avolumebnc2rdacarrier aReprinted for 1990 edition. aIncludes bibliographical references and index. aA collaboration between a philosopher and an international relations scholar, this work examines the philosophical issues that underlie the theory of international relations. Part I focuses on the dominant theories of Idealism, Realism, and behavioralism, and Part II examines the international system, the state, bureaucracies, and the individual--four factors commonly assumed to account for international behavior. The authors conclude with a summary of the links between the two forms of analysis and an open-ended assessment of their relative merits which will stimulate further discussion.--Publisher description. 7aInternational relationsxPhilosophy.2BUEsh bMASPPSSbBUSBOLcNovember2019 vReading book1 aSmith, Steve,d1952-eauthor.423Publisher descriptionuhttp://www.loc.gov/catdir/enhancements/fy0604/91010523-d.html 2ddccBB 00102ddc40708BaccahaMAINbMAINc1STd2019-11-06ePurchaseg710.00l0o327.101 HOLp000048204r2025-07-15 00:00:00v887.50w2019-11-06yBB